Catalog

Record Details

Catalog Search



Available copies

  • 2 of 2 copies available at LARL/NWRL Consortium.
  • 2 of 2 copies available at Lake Agassiz Regional Library. (Show preferred library)

Current holds

0 current holds with 2 total copies.

Show Only Available Copies
Location Call Number / Copy Notes Barcode Shelving Location Status Due Date
Ada Public Library M NAG (Text) 33500013997135 Main Available -
Moorhead Public Library M NAG (Text) 33500013997127 Main Available -

Record details

  • ISBN: 9781639366149
  • ISBN: 1639366148
  • Physical Description: 341 pages : map ; 24 cm.
  • Edition: First Pegasus Books cloth edition.
  • Publisher: New York : Pegasus Crime, 2024.

Content descriptions

Summary, etc.:
Kaveri and Ramu investigate Indian street magic in ... Read More
Subject: Private investigators > Fiction.
Magic > Fiction.
Nineteen twenties > Fiction.
India > Politics and government > 1919-1947 > Fiction.
Bangalore (India) > Social life and customs > 20th century.
Genre: Detective and mystery fiction.
Historical fiction.
Novels.
LDR 01592cam a2200409 i 4500
001428969
003LARL_NWRL_CONSORTIUM
00520240509161613.0
008240429s2024 nyub 000 1 eng d
040 . ‡aIMmBT ‡beng ‡erda ‡cJRX ‡dOCLCQ ‡dJAS ‡dOCO ‡dOQX ‡dJTH
020 . ‡a9781639366149 ‡q(hardcover)
020 . ‡a1639366148 ‡q(hardcover)
035 . ‡a(OCoLC)1432107006
043 . ‡aa-ii---
08204. ‡a823/.92 ‡223/eng/20240424
1001 . ‡aNagendra, Harini, ‡eauthor.
24512. ‡aA nest of vipers / ‡cHarini Nagendra.
250 . ‡aFirst Pegasus Books cloth edition.
264 1. ‡aNew York : ‡bPegasus Crime, ‡c2024.
300 . ‡a341 pages : ‡bmap ; ‡c24 cm.
336 . ‡atext ‡btxt ‡2rdacontent
337 . ‡aunmediated ‡bn ‡2rdamedia
338 . ‡avolume ‡bnc ‡2rdacarrier
4900 . ‡aBangalore Detectives Club ; ‡v3
520 . ‡aKaveri and Ramu investigate Indian street magic in 1922 Bangalore where they uncover a potential threat to the visiting Prince of Wales amidst cries for India's independence.
650 0. ‡aPrivate investigators ‡vFiction. ‡0(LARL_NWRL_CONSORTIUM)166580
650 0. ‡aMagic ‡vFiction. ‡0(LARL_NWRL_CONSORTIUM)165984
650 0. ‡aNineteen twenties ‡vFiction. ‡0(LARL_NWRL_CONSORTIUM)173718
651 0. ‡aIndia ‡xPolitics and government ‡y1919-1947 ‡vFiction.
651 0. ‡aBangalore (India) ‡xSocial life and customs ‡y20th century.
655 7. ‡aDetective and mystery fiction. ‡2lcgft
655 7. ‡aHistorical fiction. ‡2lcgft
655 7. ‡aNovels. ‡2lcgft
901 . ‡a428969 ‡bOCoLC ‡c428969 ‡tbiblio ‡soclc

Additional Resources